000 00237nam a2200097Ia 4500
001 860892
005 20250826175400.0
008 250824s9999 xx 000 0 und d
245 0 _abitmemiş inşa
_cAHMET MELİH KARAUĞUZ
260 _bKETEBE
999 _c860892
_d860892